000 00381pab a2200157 454500
008 180718b1997 xxu||||| |||| 00| 0 eng d
100 _aJoglekar, K.G.
245 _aIndian democracy: the first fifty years
260 _c1997
300 _ap.31-33,36
362 _aJan
650 _aDemocracy - India
650 _aPolitics and government
773 _aYojana
909 _a34793
999 _c34793
_d34793